Countries of Europe, but Invisible? - Statistics

General Stats
  • This quiz has been taken 78 times
  • The average score is 43 of 45
Answers on the Map
Answers color-coded by a green-red scale on the quiz's map according to % correct below.
 
Answer Stats
Answer % Correct
France
100%
Germany
100%
Iceland
100%
United Kingdom
100%
Andorra
98%
Austria
98%
Ireland
98%
Italy
98%
Latvia
98%
Lithuania
98%
Norway
98%
Poland
98%
Portugal
98%
Russia
98%
Slovenia
98%
Spain
98%
Sweden
98%
Switzerland
98%
Ukraine
98%
Albania
96%
Belarus
96%
Denmark
96%
Estonia
96%
Finland
96%
Hungary
96%
Romania
96%
Slovakia
96%
Belgium
95%
Croatia
95%
Czech Republic
95%
Kosovo
95%
Luxembourg
95%
Monaco
95%
Netherlands
95%
Serbia
95%
Vatican City
95%
Bosnia and Herzegovina
93%
Bulgaria
93%
Greece
93%
Liechtenstein
91%
Moldova
91%
North Macedonia
91%
Malta
89%
San Marino
89%
Montenegro
88%
No matching quizzes found
Score Distribution
Percent of People with Each Score
Percentile by Number Answered
Your Score History
You have not taken this quiz